| Tag |
First Indicator |
Second Indicator |
Subfields |
| LEADER |
00000cam a2200000 i 4500 |
| 001 |
in00003387140 |
| 005 |
20151206084753.0 |
| 008 |
130305s2013 nyu 000 1 eng |
| 010 |
|
|
|a 2013002259
|
| 020 |
|
|
|a 9780399162169
|
| 020 |
|
|
|a 039916216X
|
| 035 |
|
|
|a (OCoLC)ocn818953712
|
| 040 |
|
|
|a DLC
|b eng
|e rda
|c DLC
|d IG#
|d YDXCP
|d BTCTA
|d BDX
|d OCLCO
|d LIV
|d IEB
|d JP3
|d BWX
|d VP@
|d UtOrBLW
|
| 042 |
|
|
|a pcc
|
| 043 |
|
|
|a n-us-ri
|
| 049 |
|
|
|a TXAM
|
| 050 |
0 |
0 |
|a PS3623.I55643
|b H86 2013
|
| 082 |
0 |
0 |
|a 813/.6
|2 23
|
| 100 |
1 |
|
|a Williams, Beatriz.
|
| 245 |
1 |
2 |
|a A hundred summers /
|c Beatriz Williams.
|
| 264 |
|
1 |
|a New York :
|b G.P. Putnams Sons,
|c [2013]
|
| 300 |
|
|
|a 357 pages ;
|c 24 cm
|
| 336 |
|
|
|a text
|b txt
|2 rdacontent
|
| 337 |
|
|
|a unmediated
|b n
|2 rdamedia
|
| 338 |
|
|
|a volume
|b nc
|2 rdacarrier
|
| 520 |
|
|
|a Returning to an idyllic Rhode Island oceanfront community for the summer of 1938, New York socialite Lily Dane is devastated by the appearance of her newly married ex-fiance and her former best friend.
|
| 650 |
|
0 |
|a Mothers and daughters
|v Fiction.
|
| 651 |
|
0 |
|a Rhode Island
|v Fiction.
|
| 650 |
|
0 |
|a World War, 1939-1945
|v Fiction.
|
| 655 |
|
7 |
|a Love stories.
|2 gsafd
|
| 948 |
|
|
|a cataloged
|b h
|c 2013/9/12
|d c
|e ceaton
|f 1:12:41 pm
|
| 994 |
|
|
|a C0
|b TXA
|
| 999 |
|
|
|a MARS
|
| 999 |
f |
f |
|s 4ba0f08b-ffa9-393e-95e2-420d390147e4
|i 442ac21f-8e93-3a88-b066-a1a3d58e78f8
|t 0
|
| 952 |
f |
f |
|p normal
|a Texas A&M University
|b College Station
|c Sterling C. Evans Library
|d Evans: Library Stacks
|t 0
|e PS3623.I55643 H86 2013
|h Library of Congress classification
|i unmediated -- volume
|m A14842068562
|
| 998 |
f |
f |
|a PS3623.I55643 H86 2013
|t 0
|l Evans: Library Stacks
|